Kalimah fī al-lughah al-ʻArabīyah /
محفوظ في:
المؤلف الرئيسي:
التنسيق: كتاب
اللغة: Arabic
منشور في:
Jerusalem :
Maṭbaʻat Bayt al-Muqaddas,
1925.
الموضوعات:
الوسوم: إضافة وسم
لا توجد وسوم, كن أول من يضع وسما على هذه التسجيلة!
رقم الطلب: PJ6074 .N178 1925
| LEADER | 01037nam a2200217Ia 4500 | ||
|---|---|---|---|
| 003 | OSt | ||
| 005 | 20230828112017.0 | ||
| 008 | 130303s1925 ba 000 0 ara d | ||
| 952 | |0 0 |1 0 |2 lcc |4 0 |6 PJ6074 N178 01925 |7 1 |9 49755 |a ARCE |b ARCE |d 2023-08-28 |l 0 |o PJ6074 .N178 1925 |p 1029211 |r 2023-08-28 00:00:00 |w 2023-08-28 |y BK | ||
| 999 | |c 29377 |d 29377 | ||
| 040 | |c ARCE Library | ||
| 050 | 4 | |a PJ6074 .N178 1925 | |
| 100 | 1 | |6 880-01 |a Nashāshībī, Isʻāf. |e author | |
| 245 | 1 | 0 | |6 880-02 |a Kalimah fī al-lughah al-ʻArabīyah / |c khuṭbah khaṭabahā Isʻāf al-Nashāshībī. |
| 264 | 1 | |a Jerusalem : |b Maṭbaʻat Bayt al-Muqaddas, |c 1925. | |
| 300 | |a 117 pages ; |c 23 cm. | ||
| 650 | 0 | |a Arabic language. | |
| 880 | 1 | |6 100-01/(3/r |a نشاشيبى, اسعاف | |
| 880 | 1 | 0 | |6 245-02/(3/r |a كلمة فى اللغة العربية |c خطبة خطبها إسعاف النشاشيبى. |
| 901 | |a reviewed | ||
| 942 | |c BK |2 lcc | ||
